| 000 | 00916nam a2200229 4500 | ||
|---|---|---|---|
| 001 | 0 | ||
| 003 | DR-UNIBE | ||
| 005 | 20251028105611.0 | ||
| 008 | 251028b2008 dr ||||| |||| 00| 0 spa d | ||
| 040 |
_aBIBLIOTECA UNIBE _cBIBLIOTECA UNIBE _bspa |
||
| 041 | _aspa | ||
| 082 |
_222 _aRD 342.7293 M686c |
||
| 100 | 1 |
_aMéndez Vargas, Abraham, _d1961- _eautor _9197687 |
|
| 245 | 1 | 0 |
_aEl control judicial sobre los efectos de la ley que declara el estado de excepción o de sitio / _cAbraham Méndez Vargas |
| 260 |
_a[Lugar de publicación no identificado] : _b[Editor no identificado], _c2008 |
||
| 300 |
_axvi, 163 páginas ; _c27 cm |
||
| 650 | 7 |
_2lemb _aEstados de excepción _zRepública Dominicana _9200289 |
|
| 650 | 7 |
_2lemb _aEstado de sitio _zRepública Dominicana _9200290 |
|
| 650 | 7 |
_2lemb _aControl de constitucionalidad |
|
| 651 | 7 |
_2lemb _aRepública Dominicana _xDerecho constitucional _95535 |
|
| 942 |
_2ddc _cBK |
||
| 999 |
_c114177 _d114177 |
||